F1 2024 les vainqueurs de course - Statistiques

Statistiques générales
  • Ce quiz a été pris 278 fois
  • Le résultat moyen est 19 sur 24
Statistiques - réponses
GP Vainqueur % Correct
Bahreïn Max Verstappen
100%
Arabie saoudite Max Verstappen
99%
Monaco Charles Leclerc
93%
Chine Max Verstappen
93%
Japon Max Verstappen
92%
Australie Carlos Sainz
91%
Miami Lando Norris
91%
Grande-Bretagne Lewis Hamilton
89%
Imola Max Verstappen
89%
Canada Max Verstappen
89%
Espagne Max Verstappen
88%
Italie Charles Leclerc
78%
Pays-Bas Lando Norris
78%
Hongrie Oscar Piastri
76%
Brésil Max Verstappen
73%
Belgique Lewis Hamilton
71%
Autriche George Russell
69%
Singapour Lando Norris
69%
Abu Dhabi Lando Norris
69%
Qatar Max Verstappen
69%
Azerbaïdjan Oscar Piastri
66%
Mexique Carlos Sainz
64%
Etats-Unis Charles Leclerc
63%
Las Vegas George Russell
61%
Aucun quiz correspondant
Distribution des résultats
% des personnes avec chaque résultat
Percentile par nombre de réponses
Votre historique - résultats
Vous n’avez pas pris ce quiz